Path of Desire: Living tantra in Northeast India (Record no. 1269248)

MARC details
000 -LEADER
fixed length control field 01670nam a2200229 4500
005 - DATE AND TIME OF LATEST TRANSACTION
control field 20260220035600.0
008 - FIXED-LENGTH DATA ELEMENTS--GENERAL INFORMATION
fixed length control field 250325b |||||||| |||| 00| 0 eng d
020 ## - INTERNATIONAL STANDARD BOOK NUMBER
International Standard Book Number 9780226831121
037 ## - SOURCE OF ACQUISITION
Terms of availability Textual
040 ## - CATALOGING SOURCE
Original cataloging agency RTL
Transcribing agency RTL
084 ## - COLON CLASSIFICATION NUMBER
Classification number Y:3(Q).277 R4
Assigning agency RTL
100 ## - MAIN ENTRY--PERSONAL NAME
Personal name Urban, Hugh B.
9 (RLIN) 86581
245 ## - TITLE STATEMENT
Title Path of Desire: Living tantra in Northeast India
250 ## - EDITION STATEMENT
Edition statement 60th
260 ## - PUBLICATION, DISTRIBUTION, ETC.
Place of publication, distribution, etc. Chicago and London
Name of publisher, distributor, etc. The University of Chicago Press
Date of publication, distribution, etc. 2024
300 ## - PHYSICAL DESCRIPTION
Extent viii, 272 p. : ill.
Other physical details Includes bibliographical references and index
520 ## - SUMMARY, ETC.
Summary, etc. Tantra, one of the most important religious currents in South Asia, is often misrepresented as little more than ritualized sex. Through a mixture of ethnography and history, Hugh B. Urban reveals a dynamic living tradition behind the sensationalist stories. Urban shows that Tantric desire goes beyond the erotic, encompassing such quotidian experiences as childbearing and healing. He traces these holistic desires through a series of unique practices: institutional Tantra centered on gurus and esoteric rituals; public Tantra marked by performance and festival; folk Tantra focused on magic and personal well-being; and popular Tantra imagined in fiction, film, and digital media. The result is a provocative new description of Hindu Tantra that challenges us to approach religion as something always entwined with politics and culture, thoroughly entangled with ordinary needs and desires.
650 ## - SUBJECT ADDED ENTRY--TOPICAL TERM
Topical term or geographic name entry element Desire -- Religious aspects -- Hinduism
9 (RLIN) 747535
650 ## - SUBJECT ADDED ENTRY--TOPICAL TERM
Topical term or geographic name entry element Folk religion -- India -- Assam
9 (RLIN) 747536
650 ## - SUBJECT ADDED ENTRY--TOPICAL TERM
Topical term or geographic name entry element Tantrism -- India -- Assam
9 (RLIN) 747537
942 ## - ADDED ENTRY ELEMENTS (KOHA)
Source of classification or shelving scheme Colon Classification (CC)
Suppress in OPAC No
Koha item type General Books
Classification part Y:3(Q).277 R4
Holdings
Withdrawn status Lost status Source of classification or shelving scheme Damaged status Not for loan Home library Current library Date acquired Total Checkouts Full call number Barcode Date last seen Price effective from Koha item type
    Colon Classification (CC)     Ratan Tata Library Ratan Tata Library 2025-03-25   Y:3(Q).277, R4 RT1528431 2025-07-14 2025-03-25 General Books
Copyright @ Delhi University Library System